Statistics for Srpski fudbaleri u Seriji A

Click here to take the quiz!

General Stats

  • This quiz has been taken 114 times
  • The average score is 15 of 42

Answer Stats

KluboviSezoneFudbaler% Correct
Fiorentina, Juventus2018-Dušan Vlahović
96%
Juventus2022-Filip Kostić
88%
Fiorentina, Milan2022-Luka Jović
87%
Vicenza1961-62Bora Kostić
84%
Lazio2015-23Sergej Milinković-Savić
80%
Torino, SPAL2017-20Vanja Milinković-Savić
78%
Fiorentina2017-Nikola Milenković
76%
Lazio, Inter1998-13Dejan Stanković
72%
Roma2022-23Nemanja Matić
69%
Roma, Sampdoria, Lazio, Inter1992-06Siniša Mihajlović
61%
Lazio, Roma, Inter2007-22Aleksandar Kolarov
54%
Fiorentina2019-23Aleksa Terzić
46%
Genoa, Verona2015-Darko Lazović
46%
Torino2016-23Saša Lukić
46%
Inter2014-15Nemanja Vidić
45%
Sampdoria, Benevento, Sassuolo2016-23Filip Đuričić
42%
Juventus2010-12Miloš Krasić
39%
Fiorentina, Roma, Inter, Torino2009-19Adem Ljajić
37%
Lecce, Udinese, Lazio2008-18Dušan Basta
35%
Sampdoria, Juventus, Lazio, Inter1992-01Vladimir Jugović
35%
Torino, Napoli, Genoa2013-22Nikola Maksimović
29%
Verona1991-92Dragan Stojković
24%
Juventus, Lazio1999-02Darko Kovačević
23%
Fiorentina2011-22Matija Nastasić
23%
Atalanta, Juventus1996-00Zoran Mirković
23%
Parma2000-02Savo Milošević
22%
Sampdoria1961-62Vujadin Boškov
20%
Palermo, Genoa, Verona2007-16Boško Janković
18%
Atalanta, Bologna, Novara, Chievo, Genoa, Salernitana2009-23Ivan Radovanović
18%
Messina2004-07Ivica Iliev
16%
Fiorentina, Inter, Udinese2006-16Zdravko Kuzmanović
12%
Ascoli, Udinese2006-10Aleksandar Luković
10%
Genoa, Lecce, Fiorentina, Chievo, SPAL2009-20Nenad Tomović
10%
Chievo, Lazio, Siena, Livorno, Torino2002-08Nikola Lazetić
9%
Venezia1999-00Dejan Petković
7%
Sampdoria1998-04Bratislav Živković
6%
Ascoli1988-90Borislav Cvetković
5%
Lecce1997-98Dejan Govedarica
5%
Roma1998-03Ivan Tomić
5%
Lecce, Sampdoria1997-99Nenad Sakić
4%
Salernitana, Ancona1998-04Dražen Bolić
2%
Perugia, Empoli1996-98Aleksandar Kocić
1%

Score Distribution

Percentile by Number Answered

Percent of People with Each Score

Your Score History

You have not taken this quiz